Where is that City? - Statistics

General Stats
  • This quiz has been taken 18 times
    5 since last reset
  • The average score is 10 of 20
Answer Stats
Question Answer % Correct
Where is Chengdu? China
80%
Where is Reykjavik? Iceland
80%
Where is Bratislava? Slovakia
80%
Where is Winnipeg? Canada
60%
Where is Iquique? Chile
60%
Where is Avarua? Cook Islands
60%
Where is Dili? East Timor
60%
Where is Bonn? Germany
60%
Where is Kolkata? India
60%
Where is Casablanca? Morocco
60%
Where is Jeddah? Saudi Arabia
60%
Where is Batman? Turkey
60%
Where is Hanoi? Vietnam
60%
Where is Ho Chi Minh? Vietnam
60%
Where is Yamoussoukro? Côte d'Ivoire
40%
Where is Belo Horizonte? Brazil
20%
Where is Timbuktu? Mali
20%
Where is Plano? United States of America
20%
Where is Tegucigalpa? Honduras
0%
Where is Samarkand? Uzbekistan
0%
No matching quizzes found
Score Distribution
Percent of People with Each Score
Percentile by Number Answered
Your Score History
You have not taken this quiz since the last reset